000 00897nam a2200253 a 4500
005 20250221063746.0
008 010716s1998 es r 000 0 spa d
020 _a8478691464
035 _aUPN01000109718
049 _aCG
050 4 _aLB2806.15
_bG3.2 1998
100 1 _aGarrido Landívar, Jesús
_931463
245 1 0 _aAdaptaciones curriculares :
_bguía para los profesores tutores de educación primaria y de educación especial /
_cJesús Garrido Landívar ; colab. Rafael Santana Hernández.
250 _a4a ed.
260 _aMadrid :
_bCEPE,
_c1998.
300 _a287 p.
440 0 _aEducación especial y dificultades de aprendizaje ;
_v32
650 2 _aPlanificación curricular
_95734
650 2 _aDesarrollo curricular
_9405
650 4 _aEducación especial
_93029
650 4 _aIntegración escolar
_9306
700 1 _aSantana Hernández, Rafael,
_ecolab.
905 _aLibro
999 _c83628
_d83628